000 00445nam a2200181Ia 4500
001 10536
005 20260306161839.0
008 260306t1977||||xx |||||||||||||| ||spa||
041 _aESP
082 _a940.2
_bK19
100 _aKamen, Henry
_eAUT
245 0 _aEl siglo de hierro:
_bcambio social en Europa, 1550-1660
260 _c1977
300 _a550 páginas :
_c20 cm.
650 _aGEN
654 _aCHU
942 _cLIB
_dJUS
_fJUS
_2ddc
_n
999 _c10536
_d10536